000 00471 a2200145 4500
999 _c5711
_d5711
020 _a9781779031150
050 _aS439 MOR 2000
100 _aMoran, F. T.
_eauthor
245 _aStep ahead :
_bNew certificate agriculture Book 2 /
_cF. T. Moran, edited by Clutton Patsika and Ethel Mushayabasa
264 _aHarare :
_bLongman Zimbabwe Ltd,
_c2000
300 _a199p. :
_bill.
500 _aIncludes index
650 _aAgriculture
_xTextbooks
942 _2lcc
_cBK
_h439
_iMOR
_kS